Normal view
MARC view
- Jammu and Kashmir (India)
Entry Geographic Name
001 - CONTROL NUMBER
- control field: 10156
003 - CONTROL NUMBER IDENTIFIER
- control field: NUST
005 - DATE AND TIME OF LATEST TRANSACTION
- control field: 20180312095425.0
008 - FIXED-LENGTH DATA ELEMENTS
- fixed length control field: 180312|| aca||aabn | a|a d
040 ## - CATALOGING SOURCE
- Original cataloging agency: NUST
- Transcribing agency: NUST
151 ## - HEADING--GEOGRAPHIC NAME
- Geographic name: Jammu and Kashmir (India)
- General subdivision: History
- General subdivision: Autonomy and independence movements.
670 ## - SOURCE DATA FOUND
- Source citation: Work cat.: (NUST)0: 880-01 Ahmad, Khurshid, author. 10155, Taḥrīk-i āzādi-yi Kashmīr :
